000 00325pam a2200145 a 4500
020 _c
041 _h
082 _a741.6
_bCUL
100 _aCheryl Dangel Cullen.
245 _aLarge Graphics
_bLarge Graphics
_hTextual Documents
250 _a2000.
260 _a[s.l]:
_bRockport
300 _a174:
_bHard.
930 _a703
999 _c234493
_d234493